00854nam a2200241Ia 4500003000400000005001700004008004000021040001000061041001200071082001600083100002900099245006000128250000700188260004200195300000800237650002700245690002200272906001100294942001200305999001700317952012700334952015100461OSt20220418151951.0210210b1987 xxu||||| |||| 00| 0 eng d aALc  aEnglish a070.44 ALEB aALEXANDER (Louis)930221 aBeyond the facts: a guide to the art of feature writing a 2 aNew DelhibSurjeet publicationsc1987 a320 aFeature Writing930222 aJournalism930223 a047890 2ddccBK c96890d96890 001040708JournalismaALbALcJournalismd2021-02-17g95.00l0o070.44 ALEBp047890r2021-02-17 00:00:00w2021-02-17yBK 00102ddc40708JRaALbALd2021-02-17eHigginbothams (P) Ltd., Mangalore-01.g95.00l0o070.44 ALEBp047889r2021-02-17 00:00:00w2021-02-17yBK